[Event "17. Obert Int. Sant Marti 2015"]
[Site "Barcelona ESP"]
[Date "2015.07.19"]
[Round "7.7"]
[White "Roy, Prantik"]
[Black "Oratovsky, Michael"]
[Result "0-1"]
[WhiteElo "2292"]
[BlackElo "2490"]
[PlyCount "96"]
[EventDate "2015.07.13"]
[EventType "swiss"]
[EventRounds "9"]
[EventCountry "ESP"]
[SourceTitle "Ajedrez en Madrid"]
[Source "lmi"]
[SourceDate "2013.07.13"]
[SourceVersion "1"]
[SourceVersionDate "2019.06.24"]
[SourceQuality "1"]

1. e4 d6 2. d4 Nf6 3. Nc3 Nbd7 4. Nf3 e5 5. Bc4 Be7 6. Ng5 O-O 7. Bxf7+ Rxf7 8.
Ne6 Qe8 9. Nxc7 Qd8 10. Nxa8 b5 11. Nxb5 Qa5+ 12. Nc3 Nxe4 13. O-O Nxc3 14.
bxc3 Bb7 15. Qg4 Bf8 16. c4 Bxa8 17. d5 Qa4 18. Rd1 Nb6 19. Rb1 Nxd5 20. Rb3
Nb6 21. Be3 Qxc4 22. Qxc4 Nxc4 23. f3 Nxe3 24. Rxe3 Rc7 25. Rb3 Kf7 26. Rb8 Bc6
27. c4 Be7 28. Kf2 Ba4 29. Rd2 Ke6 30. Rb4 Be8 31. Rdb2 a5 32. Rb8 Bd7 33. R2b7
Rxc4 34. Ra7 Rb4 35. Rg8 Rb2+ 36. Kg3 Bf6 37. Rxa5 h5 38. h4 Rb4 39. Rh8 g6 40.
Rh6 Bxh4+ 41. Kh2 Kf6 42. Rh7 Be6 43. Ra8 Bf2 44. g3 Be3 45. Rf8+ Kg5 46. Kg2
Rb2+ 47. Kh1 Rxa2 48. Re7 Bh3 0-1

[Event "17. Obert Int. Sant Marti 2015"]
[Site "Barcelona ESP"]
[Date "2015.07.19"]
[Round "7.8"]
[White "Ducarmon, Quinten"]
[Black "Rios, Cristhian Camilo"]
[Result "1/2-1/2"]
[WhiteElo "2475"]
[BlackElo "2435"]
[PlyCount "54"]
[EventDate "2015.07.13"]
[EventType "swiss"]
[EventRounds "9"]
[EventCountry "ESP"]
[SourceTitle "Ajedrez en Madrid"]
[Source "lmi"]
[SourceDate "2013.07.13"]
[SourceVersion "1"]
[SourceVersionDate "2019.06.24"]
[SourceQuality "1"]

1. e4 c5 2. Nf3 e6 3. d4 cxd4 4. Nxd4 Nf6 5. Nc3 d6 6. g4 h6 7. Rg1 Be7 8. Be3
Nc6 9. h4 d5 10. Bb5 Bd7 11. exd5 Nxd5 12. Nxd5 exd5 13. Qe2 O-O 14. O-O-O Nxd4
15. Bxd4 Bxb5 16. Qxb5 Bxh4 17. f4 Bf6 18. g5 hxg5 19. Bxf6 Qxf6 20. fxg5 Qe5
21. Kb1 Rac8 22. Qb3 Rfe8 23. Rxd5 Qe3 24. Qxe3 Rxe3 25. Rd7 Rce8 26. Kc1 R8e7
27. Rd8+ Re8 1/2-1/2

[Event "17. Obert Int. Sant Marti 2015"]
[Site "Barcelona ESP"]
[Date "2015.07.19"]
[Round "7.9"]
[White "Erdogdu, Mert"]
[Black "Harutyunian, Tigran K."]
[Result "0-1"]
[WhiteElo "2426"]
[BlackElo "2472"]
[PlyCount "126"]
[EventDate "2015.07.13"]
[EventType "swiss"]
[EventRounds "9"]
[EventCountry "ESP"]
[SourceTitle "Ajedrez en Madrid"]
[Source "lmi"]
[SourceDate "2013.07.13"]
[SourceVersion "1"]
[SourceVersionDate "2019.06.24"]
[SourceQuality "1"]

1. e4 e5 2. Nf3 Nc6 3. Bc4 Bc5 4. d3 Nf6 5. O-O O-O 6. h3 a6 7. Bb3 d6 8. c3 h6
9. Re1 Ba7 10. Nbd2 Nh5 11. Nf1 Qf6 12. Be3 Nf4 13. Ng3 g6 14. d4 h5 15. a4 Kg7
16. Qd2 Rh8 17. Bxf4 exf4 18. Ne2 g5 19. h4 gxh4 20. Nxf4 Bg4 21. Nd5 Qd8 22.
Qf4 Rh6 23. Ne3 Qf6 24. Qxf6+ Rxf6 25. Nd5 Rh6 26. Nxc7 Rc8 27. Nd5 h3 28. Nh4
hxg2 29. Kxg2 Rg8 30. f3 Be6 31. Kh2 Kf8 32. Rg1 Rxg1 33. Rxg1 Bb8 34. Rg5 Rh8
35. Bc4 Ne7 36. Kh1 Bc7 37. Ne3 d5 38. Nxd5 Bd8 39. Re5 Nxd5 40. exd5 Bd7 41.
Ng2 h4 42. d6 Rh6 43. Ne3 Rxd6 44. Rh5 Bxa4 45. Nf5 Rg6 46. Nxh4 Rg5 47. Rh8+
Ke7 48. f4 Bc6+ 49. d5 Bxd5+ 50. Kh2 Bc7 51. Bxd5 Bxf4+ 52. Kh1 Rxd5 53. Nf3
Bc1 54. Rb8 Rd7 55. b3 Kf6 56. Kg2 Be3 57. Kf1 Kf5 58. Ke2 Re7 59. Kd3 Kf4 60.
Ne1 Ba7 61. Ng2+ Kf3 62. Rg8 Bf2 63. Rg7 Bg3 0-1

[Event "17. Obert Int. Sant Marti 2015"]
[Site "Barcelona ESP"]
[Date "2015.07.19"]
[Round "7.10"]
[White "Burmakin, Vladimir"]
[Black "Munoz Pantoja, Miguel"]
[Result "1-0"]
[WhiteElo "2571"]
[BlackElo "2430"]
[PlyCount "59"]
[EventDate "2015.07.13"]
[EventType "swiss"]
[EventRounds "9"]
[EventCountry "ESP"]
[SourceTitle "Ajedrez en Madrid"]
[Source "lmi"]
[SourceDate "2013.07.13"]
[SourceVersion "1"]
[SourceVersionDate "2019.06.24"]
[SourceQuality "1"]

1. d4 c5 2. d5 Nf6 3. c4 e6 4. Nc3 exd5 5. cxd5 d6 6. Nf3 g6 7. Bf4 Nh5 8. Qa4+
Qd7 9. Qe4+ Be7 10. Bh6 Na6 11. Qc2 Nc7 12. e4 b5 13. e5 b4 14. Ne4 f5 15.
Nxd6+ Bxd6 16. exd6 Qxd6 17. O-O-O Bb7 18. Re1+ Kf7 19. Ne5+ Kg8 20. Nc4 Qf6
21. d6 Ne6 22. Rxe6 Qxe6 23. Ne3 Bd5 24. Nxd5 Qe1+ 25. Qd1 Qxd1+ 26. Kxd1 Kf7
27. Bc4 Ke6 28. Nc7+ Kxd6 29. Nxa8 Rxa8 30. Re1 1-0

[Event "17. Obert Int. Sant Marti 2015"]
[Site "Barcelona ESP"]
[Date "2015.07.19"]
[Round "7.11"]
[White "Peralta, Fernando"]
[Black "Alarcon Casellas, Rolando"]
[Result "1-0"]
[WhiteElo "2556"]
[BlackElo "2411"]
[PlyCount "93"]
[EventDate "2015.07.13"]
[EventType "swiss"]
[EventRounds "9"]
[EventCountry "ESP"]
[SourceTitle "Ajedrez en Madrid"]
[Source "lmi"]
[SourceDate "2013.07.13"]
[SourceVersion "1"]
[SourceVersionDate "2019.06.24"]
[SourceQuality "1"]

1. d4 d5 2. c4 c6 3. Nf3 Nf6 4. Nc3 e6 5. e3 Nbd7 6. Bd3 dxc4 7. Bxc4 b5 8. Bd3
a6 9. e4 c5 10. d5 c4 11. Bc2 Qc7 12. O-O Bc5 13. dxe6 fxe6 14. Qe2 Ne5 15.
Nxe5 Qxe5 16. Kh1 O-O 17. f4 Qh5 18. Qxh5 Nxh5 19. e5 g6 20. Ne4 Be7 21. Be3
Bb7 22. g4 Rad8 23. Kg1 Ng7 24. Rad1 Rxd1 25. Rxd1 Bd5 26. Nc3 Bf3 27. Rd7 Rf7
28. h3 Bb4 29. Rxf7 Kxf7 30. Ne4 Bxe4 31. Bxe4 Ne8 32. Kf2 Nc7 33. Bb7 c3 34.
bxc3 Bxc3 35. Kf3 a5 36. Ke4 a4 37. Bc6 a3 38. f5 gxf5+ 39. gxf5 b4 40. Ba4
exf5+ 41. Kxf5 Kg7 42. Ke4 Kf7 43. Bb3+ Ke8 44. Kf5 Nb5 45. Ba4 b3 46. Bxb5+
Kd8 47. Bc4 1-0

[Event "17. Obert Int. Sant Marti 2015"]
[Site "Barcelona ESP"]
[Date "2015.07.19"]
[Round "7.12"]
[White "Ghosh, Diptayan"]
[Black "Satyapragyan, Swayangsu"]
[Result "1-0"]
[WhiteElo "2523"]
[BlackElo "2392"]
[PlyCount "57"]
[EventDate "2015.07.13"]
[EventType "swiss"]
[EventRounds "9"]
[EventCountry "ESP"]
[SourceTitle "Ajedrez en Madrid"]
[Source "lmi"]
[SourceDate "2013.07.13"]
[SourceVersion "1"]
[SourceVersionDate "2019.06.24"]
[SourceQuality "1"]

1. d4 e6 2. c4 Nf6 3. Nc3 Bb4 4. Nf3 Ne4 5. Qc2 f5 6. Nd2 Nf6 7. e4 O-O 8. e5
Ne8 9. Nf3 c5 10. d5 b5 11. dxe6 dxe6 12. cxb5 a6 13. a3 axb5 14. Bxb5 Bb7 15.
Be3 Bxf3 16. gxf3 f4 17. Bd2 Nc7 18. O-O-O Qe7 19. Qe4 Bxa3 20. bxa3 c4 21.
Bxc4 Qxa3+ 22. Kc2 Nba6 23. Rb1 Qc5 24. Bd3 g6 25. Qc4 Qxf2 26. Ne4 Qxf3 27.
Nf6+ Rxf6 28. exf6 Rd8 29. Rhf1 1-0

[Event "17. Obert Int. Sant Marti 2015"]
[Site "Barcelona ESP"]
[Date "2015.07.19"]
[Round "7.13"]
[White "Konguvel, Ponnuswamy"]
[Black "Cuartas, Jaime Alexander"]
[Result "1/2-1/2"]
[WhiteElo "2337"]
[BlackElo "2503"]
[PlyCount "179"]
[EventDate "2015.07.13"]
[EventType "swiss"]
[EventRounds "9"]
[EventCountry "ESP"]
[SourceTitle "Ajedrez en Madrid"]
[Source "lmi"]
[SourceDate "2013.07.13"]
[SourceVersion "1"]
[SourceVersionDate "2019.06.24"]
[SourceQuality "1"]

1. e4 e5 2. Nf3 Nc6 3. Bb5 a6 4. Ba4 Nf6 5. O-O b5 6. Bb3 Bb7 7. d3 Be7 8. Nc3
d6 9. a4 b4 10. Nd5 Na5 11. Ba2 Nxd5 12. exd5 O-O 13. Bd2 c5 14. dxc6 Nxc6 15.
c3 a5 16. Bd5 Rb8 17. Re1 Bf6 18. h3 bxc3 19. bxc3 Ne7 20. Bxb7 Rxb7 21. Qc2
Qc7 22. Rab1 Rfb8 23. Nh2 Nd5 24. Ng4 Be7 25. Rxb7 Qxb7 26. c4 Nb4 27. Qc3 Qd7
28. c5 Rc8 29. d4 h5 30. Ne3 exd4 31. Qxd4 Bf6 32. Qxd6 Qxa4 33. Nf5 Qc2 34.
Bxb4 axb4 35. Qd7 Qxc5 36. Nd6 Rf8 37. Ne4 Qe5 38. Nxf6+ Qxf6 39. Qb5 Qd6 40.
Qxh5 Rb8 41. Qe5 Qxe5 42. Rxe5 b3 43. Re1 Rc8 44. Rb1 Rc3 45. Kf1 f5 46. Ke1
Kf7 47. Rb2 Kf6 48. Kd2 Rc6 49. Rxb3 Re6 50. Re3 Ra6 51. Ke2 Ra4 52. Kf3 g6 53.
Rb3 Kg5 54. Kg3 Rc4 55. Kf3 Rf4+ 56. Ke2 Re4+ 57. Re3 Ra4 58. Rg3+ Kf6 59. Rb3
Rh4 60. Rb6+ Kg5 61. Kf3 Rf4+ 62. Kg3 Ra4 63. f4+ Kh5 64. Rb3 Rc4 65. Rf3 Ra4
66. Rb3 Rc4 67. Rb8 Rc3+ 68. Kf2 Kh6 69. Rh8+ Kg7 70. Re8 Kh6 71. g4 fxg4 72.
hxg4 Ra3 73. Re3 Ra1 74. Rb3 Rc1 75. Rb6 Kg7 76. Kg3 Rc3+ 77. Kh4 Rc5 78. Rb7+
Kf8 79. Rb4 Kf7 80. Re4 Kf6 81. Rb4 Ra5 82. Rb8 Kf7 83. Rb7+ Kf8 84. Rb3 Kf7
85. Kg3 Rc5 86. Kf3 Rc4 87. Rb7+ Kf8 88. Rd7 Ra4 89. Ke3 g5 90. fxg5 1/2-1/2

[Event "17. Obert Int. Sant Marti 2015"]
[Site "Barcelona ESP"]
[Date "2015.07.19"]
[Round "7.14"]
[White "Shyam, Sundar M."]
[Black "Kessler, Luca"]
[Result "1/2-1/2"]
[WhiteElo "2492"]
[BlackElo "2364"]
[PlyCount "73"]
[EventDate "2015.07.13"]
[EventType "swiss"]
[EventRounds "9"]
[EventCountry "ESP"]
[SourceTitle "Ajedrez en Madrid"]
[Source "lmi"]
[SourceDate "2013.07.13"]
[SourceVersion "1"]
[SourceVersionDate "2019.06.24"]
[SourceQuality "1"]

1. e4 e5 2. Nf3 Nc6 3. Bb5 a6 4. Ba4 Nf6 5. O-O Be7 6. d3 b5 7. Bb3 d6 8. a3
O-O 9. Nc3 Bg4 10. Be3 Qd7 11. Nd5 Nxd5 12. Bxd5 Be6 13. Qd2 Rab8 14. c4 Bg4
15. cxb5 axb5 16. Ne1 Bd8 17. Rc1 Ne7 18. Ba2 Be6 19. Bxe6 Qxe6 20. f4 exf4 21.
Bxf4 f5 22. Bg5 c5 23. Nc2 Ng6 24. exf5 Rxf5 25. Rxf5 Qxf5 26. Bxd8 Rxd8 27.
Rf1 Qd7 28. d4 Rf8 29. Rxf8+ Nxf8 30. dxc5 dxc5 31. Qxd7 Nxd7 32. b4 cxb4 33.
axb4 Kf7 34. Nd4 Nf6 35. Nxb5 Nd5 36. Nd6+ Ke7 37. Ne4 1/2-1/2

[Event "17. Obert Int. Sant Marti 2015"]
[Site "Barcelona ESP"]
[Date "2015.07.19"]
[Round "7.15"]
[White "Oliva Castaneda, Kevel"]
[Black "Dalo, Hermes"]
[Result "1-0"]
[WhiteElo "2488"]
[BlackElo "2274"]
[PlyCount "69"]
[EventDate "2015.07.13"]
[EventType "swiss"]
[EventRounds "9"]
[EventCountry "ESP"]
[SourceTitle "Ajedrez en Madrid"]
[Source "lmi"]
[SourceDate "2013.07.13"]
[SourceVersion "1"]
[SourceVersionDate "2019.06.24"]
[SourceQuality "1"]

1. Nf3 Nf6 2. c4 g6 3. Nc3 Bg7 4. e4 d6 5. d4 O-O 6. Be2 e5 7. O-O Nc6 8. d5
Ne7 9. b4 Ne8 10. c5 f5 11. Nd2 Nf6 12. a4 f4 13. Ba3 g5 14. Nc4 g4 15. Bd3 Ng6
16. b5 dxc5 17. Bxc5 Rf7 18. a5 Nh5 19. g3 Nh4 20. gxh4 Qxh4 21. f3 g3 22. Ra2
Bh3 23. hxg3 fxg3 24. Re1 Nf4 25. Ne3 Bf8 26. Bxf8 Raxf8 27. Bf1 Rf6 28. Ne2
Rh6 29. Nxf4 Bd7 30. Bg2 Qh2+ 31. Kf1 exf4 32. Nc4 Bh3 33. Qd4 Bg4 34. Ne5 Bc8
35. Rc1 1-0

[Event "17. Obert Int. Sant Marti 2015"]
[Site "Barcelona ESP"]
[Date "2015.07.19"]
[Round "7.16"]
[White "Akbarinia, Sayed Arash"]
[Black "Kanmazalp, Ogulcan"]
[Result "0-1"]
[WhiteElo "2413"]
[BlackElo "2468"]
[PlyCount "88"]
[EventDate "2015.07.13"]
[EventType "swiss"]
[EventRounds "9"]
[EventCountry "ESP"]
[SourceTitle "Ajedrez en Madrid"]
[Source "lmi"]
[SourceDate "2013.07.13"]
[SourceVersion "1"]
[SourceVersionDate "2019.06.24"]
[SourceQuality "1"]

1. d4 Nf6 2. Nf3 g6 3. g3 Bg7 4. Bg2 O-O 5. c4 c5 6. O-O cxd4 7. Nxd4 Nc6 8.
Nc3 Qa5 9. Nc2 d6 10. e4 Bg4 11. f3 Be6 12. Nd5 Rac8 13. b4 Qd8 14. Bb2 Ne5 15.
Bxe5 dxe5 16. Qe2 Bxd5 17. cxd5 Qb6+ 18. Kh1 Rc3 19. Bh3 Qc7 20. Ne1 h5 21. a3
h4 22. Ra2 hxg3 23. hxg3 Nh5 24. Kg2 Bh6 25. Bg4 Nf6 26. Bh3 Nh5 27. Bg4 Nf6
28. Bh3 a5 29. b5 Nh5 30. Bg4 Nf6 31. Bh3 Nh7 32. Rc2 Ng5 33. Rxc3 Qxc3 34. Qd3
Qb2+ 35. Rf2 Qc1 36. Re2 Nxh3 37. Kxh3 Rc8 38. d6 exd6 39. Qxd6 Bf8 40. Qxe5
Qd1 41. Rh2 Rc5 42. Qb2 Rh5+ 43. Kg2 Rxh2+ 44. Kxh2 Qxe1 0-1

[Event "17. Obert Int. Sant Marti 2015"]
[Site "Barcelona ESP"]
[Date "2015.07.19"]
[Round "7.17"]
[White "Narayanan, Srinath"]
[Black "Ayza Leon, David"]
[Result "1/2-1/2"]
[WhiteElo "2464"]
[BlackElo "2208"]
[PlyCount "120"]
[EventDate "2015.07.13"]
[EventType "swiss"]
[EventRounds "9"]
[EventCountry "ESP"]
[SourceTitle "Ajedrez en Madrid"]
[Source "lmi"]
[SourceDate "2013.07.13"]
[SourceVersion "1"]
[SourceVersionDate "2019.06.24"]
[SourceQuality "1"]

1. e4 e5 2. Nf3 Nc6 3. Bc4 Bc5 4. c3 Nf6 5. d3 O-O 6. Nbd2 d5 7. exd5 Nxd5 8.
Ne4 Be7 9. O-O Bg4 10. h3 Bh5 11. Re1 f6 12. Ng3 Bf7 13. Nf5 Re8 14. Nxe7+
Ndxe7 15. Bxf7+ Kxf7 16. Qb3+ Qd5 17. Qxb7 Qxd3 18. Qb3+ Qd5 19. c4 Qe6 20. Qc3
Nf5 21. b4 Ncd4 22. Bb2 Rad8 23. b5 Nxf3+ 24. Qxf3 Nd4 25. Bxd4 Rxd4 26. c5 Rb8
27. a4 Qd5 28. Qh5+ Kg8 29. c6 g6 30. Qe2 Rd2 31. Qe3 Qd4 32. Qf3 Kg7 33. Rad1
Rd8 34. Rxd2 Qxd2 35. Rf1 Rd4 36. Qa3 Kf7 37. Qb3+ Rd5 38. h4 Qd3 39. Qb4 Qd4
40. Qa5 Qb6 41. Qc3 Qd4 42. Qh3 f5 43. h5 Kg7 44. h6+ Kf7 45. Qb3 Qd3 46. Rb1
Qxb3 47. Rxb3 Kf6 48. a5 Kg5 49. b6 axb6 50. axb6 cxb6 51. Rxb6 Rd1+ 52. Kh2
Rc1 53. Rb7 Kxh6 54. Re7 Rxc6 55. Rxe5 Kg5 56. Kg3 Rc3+ 57. f3 h5 58. Ra5 h4+
59. Kh3 Rc1 60. Kh2 Rc4 1/2-1/2

[Event "17. Obert Int. Sant Marti 2015"]
[Site "Barcelona ESP"]
[Date "2015.07.19"]
[Round "7.18"]
[White "Swapnil, S. Dhopade"]
[Black "Puranik, Abhimanyu"]
[Result "1/2-1/2"]
[WhiteElo "2453"]
[BlackElo "2328"]
[PlyCount "38"]
[EventDate "2015.07.13"]
[EventType "swiss"]
[EventRounds "9"]
[EventCountry "ESP"]
[SourceTitle "Ajedrez en Madrid"]
[Source "lmi"]
[SourceDate "2013.07.13"]
[SourceVersion "1"]
[SourceVersionDate "2019.06.24"]
[SourceQuality "1"]

1. Nf3 Nf6 2. c4 g6 3. Nc3 d5 4. cxd5 Nxd5 5. Qb3 Nb6 6. d4 Bg7 7. e4 O-O 8.
Be3 Bg4 9. Rd1 Nc6 10. d5 Ne5 11. Be2 Nxf3+ 12. gxf3 Bh5 13. O-O Qc8 14. Kg2
Kh8 15. Bc5 f5 16. Bxe7 Re8 17. Qb4 a5 18. Qc5 fxe4 19. Nxe4 Qd7 1/2-1/2

[Event "17. Obert Int. Sant Marti 2015"]
[Site "Barcelona ESP"]
[Date "2015.07.19"]
[Round "7.19"]
[White "Vittorino, Carlo Giovanni"]
[Black "Gonzalez Perez, Arian"]
[Result "0-1"]
[WhiteElo "2301"]
[BlackElo "2440"]
[PlyCount "82"]
[EventDate "2015.07.13"]
[EventType "swiss"]
[EventRounds "9"]
[EventCountry "ESP"]
[SourceTitle "Ajedrez en Madrid"]
[Source "lmi"]
[SourceDate "2013.07.13"]
[SourceVersion "1"]
[SourceVersionDate "2019.06.24"]
[SourceQuality "1"]

1. d4 d5 2. c4 c6 3. Nf3 Nf6 4. e3 Bf5 5. Nc3 e6 6. Nh4 Be4 7. f3 Bg6 8. Qb3
Qc7 9. g3 Be7 10. Nxg6 hxg6 11. Bg2 dxc4 12. Qxc4 Rxh2 13. Kf2 Rxh1 14. Bxh1
Nbd7 15. f4 g5 16. Bf3 gxf4 17. exf4 Nb6 18. Qe2 O-O-O 19. Be3 Nbd5 20. Rd1 Qa5
21. Kg2 Bb4 22. Nxd5 Nxd5 23. a3 Bd6 24. Bc1 Rh8 25. b4 Qd8 26. Qd3 Kb8 27. Bd2
Qf6 28. Rb1 Qh6 29. Kf2 Qh7 30. Be4 f5 31. Bg2 Qg6 32. b5 c5 33. Be3 c4 34. Qd2
Qg4 35. Rh1 Rxh1 36. Bxh1 g5 37. b6 axb6 38. Bf3 gxf4 39. Bxd5 Qxg3+ 40. Kf1
exd5 41. Bf2 Qh3+ 0-1

[Event "17. Obert Int. Sant Marti 2015"]
[Site "Barcelona ESP"]
[Date "2015.07.19"]
[Round "7.20"]
[White "Piasetski, Leon"]
[Black "Froewis, Georg"]
[Result "0-1"]
[WhiteElo "2289"]
[BlackElo "2434"]
[PlyCount "112"]
[EventDate "2015.07.13"]
[EventType "swiss"]
[EventRounds "9"]
[EventCountry "ESP"]
[SourceTitle "Ajedrez en Madrid"]
[Source "lmi"]
[SourceDate "2013.07.13"]
[SourceVersion "1"]
[SourceVersionDate "2019.06.24"]
[SourceQuality "1"]

1. c4 e6 2. d4 d5 3. Nf3 Nf6 4. Nc3 c6 5. e3 Nbd7 6. Qc2 Bd6 7. b3 O-O 8. Bb2
Re8 9. Be2 b6 10. O-O Bb7 11. e4 e5 12. exd5 cxd5 13. Nb5 Bb8 14. dxe5 Nxe5 15.
Nxe5 Bxe5 16. Bxe5 Rxe5 17. Bf3 Qe7 18. cxd5 Nxd5 19. Qd2 Ne3 20. fxe3 Bxf3 21.
Rxf3 Rxb5 22. Raf1 Rf8 23. Rf5 Rxf5 24. Rxf5 Rd8 25. Re5 Qf6 26. Qd7 Kf8 27.
Qf5 Rd1+ 28. Kf2 Rd2+ 29. Kf3 Qxf5+ 30. Rxf5 Rxa2 31. b4 Ra4 32. b5 Rb4 33. Rd5
Ke7 34. e4 Rb3+ 35. Kf4 f6 36. h4 g6 37. Kg4 Ke6 38. Kf4 h6 39. h5 g5+ 40. Kg4
Re3 41. Rd4 Ke5 42. Rd7 Rxe4+ 43. Kf3 Rb4 44. Rxa7 Kf5 45. Rg7 Rb3+ 46. Kf2 Kg4
47. Rg6 Rb2+ 48. Kf1 Kxh5 49. Rxf6 Rxb5 50. Kf2 Rb2+ 51. Kg3 Rb3+ 52. Kf2 g4
53. Rd6 Kg5 54. Rd5+ Kh4 55. Rd2 b5 56. Rc2 b4 0-1

[Event "17. Obert Int. Sant Marti 2015"]
[Site "Barcelona ESP"]
[Date "2015.07.19"]
[Round "7.21"]
[White "Olivares Canelles, Francisco"]
[Black "Alsina Leal, Daniel"]
[Result "0-1"]
[WhiteElo "2270"]
[BlackElo "2531"]
[PlyCount "92"]
[EventDate "2015.07.13"]
[EventType "swiss"]
[EventRounds "9"]
[EventCountry "ESP"]
[SourceTitle "Ajedrez en Madrid"]
[Source "lmi"]
[SourceDate "2013.07.13"]
[SourceVersion "1"]
[SourceVersionDate "2019.06.24"]
[SourceQuality "1"]

1. d4 Nf6 2. c4 g6 3. Nc3 d5 4. Nf3 Bg7 5. Qb3 dxc4 6. Qxc4 O-O 7. e4 Nc6 8.
Be2 Bg4 9. Be3 Nd7 10. Qd3 Bxf3 11. gxf3 e5 12. d5 Nd4 13. Qd2 c5 14. h4 h5 15.
Kf1 a6 16. Kg2 b5 17. Rag1 Nb6 18. b3 Kh7 19. Bd1 c4 20. Ne2 Qf6 21. Rh3 Rfe8
22. Qa5 Bh6 23. f4 Nxe2 24. fxe5 Nf4+ 25. Bxf4 Qxf4 26. Qxb6 Qxe4+ 27. Bf3 Qxe5
28. bxc4 bxc4 29. d6 Rad8 30. Qxa6 c3 31. Qc4 Rxd6 32. Qxf7+ Kh8 33. Qc4 Rf8
34. Rf1 Rd2 35. Rg3 c2 36. Rxg6 Rxf2+ 37. Kxf2 c1=Q 38. Rxc1 Qe3+ 39. Kg2 Qxf3+
40. Kh2 Bf4+ 41. Kg1 Be3+ 42. Kh2 Bf4+ 43. Kg1 Qe3+ 44. Kg2 Qd2+ 45. Kf3 Bb8+
46. Ke4 Rf4# 0-1

[Event "17. Obert Int. Sant Marti 2015"]
[Site "Barcelona ESP"]
[Date "2015.07.19"]
[Round "7.22"]
[White "Vassallo Barroche, Mauricio"]
[Black "Deshpande, Aniruddha"]
[Result "1/2-1/2"]
[WhiteElo "2430"]
[BlackElo "2268"]
[PlyCount "119"]
[EventDate "2015.07.13"]
[EventType "swiss"]
[EventRounds "9"]
[EventCountry "ESP"]
[SourceTitle "Ajedrez en Madrid"]
[Source "lmi"]
[SourceDate "2013.07.13"]
[SourceVersion "1"]
[SourceVersionDate "2019.06.24"]
[SourceQuality "1"]

1. Nf3 d5 2. c4 e6 3. b3 Nf6 4. Bb2 Bd6 5. e3 O-O 6. Nc3 b6 7. d4 Bb7 8. Bd3
Nbd7 9. O-O dxc4 10. bxc4 e5 11. Bf5 exd4 12. exd4 a6 13. a4 Re8 14. a5 g6 15.
Bc2 Bb4 16. axb6 cxb6 17. Na2 Bd6 18. Ba4 Re7 19. Bb3 Qf8 20. Bc1 Ne4 21. Be3
Qb8 22. Re1 Qc7 23. Rc1 Rae8 24. h3 Nef6 25. d5 Nc5 26. Nc3 Nce4 27. Nxe4 Nxe4
28. Ba4 Rc8 29. Nd4 Bb4 30. Rf1 Nc3 31. Rxc3 Bxc3 32. Nc6 Bxc6 33. Bxc6 Rxe3
34. fxe3 Bb4 35. Qf3 Qe7 36. e4 Rf8 37. Kh1 Bd6 38. Qf6 Qc7 39. h4 Be5 40. Qg5
h5 41. Rf3 Qd6 42. g3 Kg7 43. Kg2 Rc8 44. Qe3 Qb4 45. Qf2 Rc7 46. Qa2 Qe1 47.
Qc2 Re7 48. Qd3 Qb4 49. Qb3 Bd6 50. Qxb4 Bxb4 51. Rb3 a5 52. Kf3 Kf6 53. d6 Re6
54. d7 Ke7 55. Rd3 Kd8 56. Bb5 Rd6 57. Rxd6 Bxd6 58. g4 hxg4+ 59. Kxg4 Be7 60.
h5 1/2-1/2

[Event "17. Obert Int. Sant Marti 2015"]
[Site "Barcelona ESP"]
[Date "2015.07.19"]
[Round "7.23"]
[White "Codenotti, Marco"]
[Black "Ossa, Orlando"]
[Result "1-0"]
[WhiteElo "2421"]
[BlackElo "2249"]
[PlyCount "61"]
[EventDate "2015.07.13"]
[EventType "swiss"]
[EventRounds "9"]
[EventCountry "ESP"]
[SourceTitle "Ajedrez en Madrid"]
[Source "lmi"]
[SourceDate "2013.07.13"]
[SourceVersion "1"]
[SourceVersionDate "2019.06.24"]
[SourceQuality "1"]

1. e4 e5 2. Nf3 Nc6 3. Bc4 Bc5 4. c3 Qf6 5. d3 d6 6. b4 Bb6 7. a4 a6 8. Be3
Bxe3 9. fxe3 Qh6 10. Qe2 Nf6 11. O-O O-O 12. Nbd2 Be6 13. h3 a5 14. b5 Ne7 15.
Bxe6 fxe6 16. d4 d5 17. Nxe5 dxe4 18. Rfe1 Nf5 19. Ng4 Nxg4 20. Qxg4 Rf6 21.
Qxe4 Ng3 22. Qxb7 Raf8 23. Ne4 Rf1+ 24. Kh2 Rxe1 25. Rxe1 Nf1+ 26. Kg1 Nxe3 27.
Qxc7 Nc2 28. Re2 Qc1+ 29. Kh2 Nxd4 30. Nf6+ Kh8 31. Qd6 1-0

[Event "17. Obert Int. Sant Marti 2015"]
[Site "Barcelona ESP"]
[Date "2015.07.19"]
[Round "7.24"]
[White "Nabuurs, Mart"]
[Black "Cruz, Filemon"]
[Result "1/2-1/2"]
[WhiteElo "2247"]
[BlackElo "2402"]
[PlyCount "81"]
[EventDate "2015.07.13"]
[EventType "swiss"]
[EventRounds "9"]
[EventCountry "ESP"]
[SourceTitle "Ajedrez en Madrid"]
[Source "lmi"]
[SourceDate "2013.07.13"]
[SourceVersion "1"]
[SourceVersionDate "2019.06.24"]
[SourceQuality "1"]

1. e4 c6 2. Nc3 d5 3. Nf3 Bg4 4. h3 Bxf3 5. Qxf3 e6 6. d4 Nf6 7. Bd3 Bb4 8. O-O
Bxc3 9. bxc3 dxe4 10. Bxe4 Nxe4 11. Qxe4 O-O 12. Rb1 Qc8 13. c4 Nd7 14. Rb3 e5
15. Ba3 Re8 16. Rg3 Nf6 17. Qh4 Qf5 18. Qh6 g6 19. Rf3 Qh5 20. Qxh5 Nxh5 21.
dxe5 Rxe5 22. Rd1 Rf5 23. Rfd3 Nf4 24. Rd8+ Rxd8 25. Rxd8+ Kg7 26. Bb2+ Kh6 27.
Rd7 b5 28. Bc1 g5 29. Bxf4 Rxf4 30. cxb5 cxb5 31. Rxa7 Kg6 32. Ra5 Rc4 33. Rxb5
Rxc2 34. a4 Ra2 35. a5 h5 36. g4 f6 37. gxh5+ Kxh5 38. Kg2 Kg6 39. Rc5 Ra3 40.
Rb5 Ra2 41. Rc5 1/2-1/2

[Event "17. Obert Int. Sant Marti 2015"]
[Site "Barcelona ESP"]
[Date "2015.07.19"]
[Round "7.25"]
[White "Ivana Maria, Furtado"]
[Black "Perpinya Rofes, Lluis Maria"]
[Result "1/2-1/2"]
[WhiteElo "2236"]
[BlackElo "2398"]
[PlyCount "53"]
[EventDate "2015.07.13"]
[EventType "swiss"]
[EventRounds "9"]
[EventCountry "ESP"]
[SourceTitle "Ajedrez en Madrid"]
[Source "lmi"]
[SourceDate "2013.07.13"]
[SourceVersion "1"]
[SourceVersionDate "2019.06.24"]
[SourceQuality "1"]

1. Nf3 g6 2. g3 Bg7 3. Bg2 Nf6 4. O-O O-O 5. c4 d6 6. d4 Nc6 7. e3 Bf5 8. Nc3
Qd7 9. Re1 Ne4 10. Nxe4 Bxe4 11. Bd2 d5 12. Bc3 Rfd8 13. Qe2 e6 14. b3 a6 15.
a3 Qe7 16. Red1 dxc4 17. bxc4 e5 18. d5 Nb8 19. Ne1 Bxg2 20. Kxg2 e4 21. Bxg7
Kxg7 22. f3 exf3+ 23. Nxf3 Nd7 24. e4 f6 25. Rab1 b6 26. Nd4 Nc5 27. Nc6
1/2-1/2